Strongly Corrected Electronic Materials (Record no. 90703)

MARC details
000 -LEADER
fixed length control field 00302pam a2200133 a 4500
020 ## - INTERNATIONAL STANDARD BOOK NUMBER
Terms of availability
041 ## - LANGUAGE CODE
Language code of text/sound track or separate title eng
100 ## - MAIN ENTRY--PERSONAL NAME
Personal name Bedell.K.S.
245 ## - TITLE STATEMENT
Title Strongly Corrected Electronic Materials
Medium Textual Documents
260 ## - PUBLICATION, DISTRIBUTION, ETC.
Place of publication, distribution, etc. [s.l]:
Name of publisher, distributor, etc. Addison Wesley
300 ## - PHYSICAL DESCRIPTION
Extent 672p.
700 ## - ADDED ENTRY--PERSONAL NAME
Personal name Wang.Z.
930 ## - EQUIVALENCE OR CROSS-REFERENCE-UNIFORM TITLE HEADING [LOCAL, CANADA]
Uniform title 13802
Holdings
Withdrawn status Lost status Damaged status Not for loan Collection Home library Current library Date acquired Source of acquisition Cost, normal purchase price Total Checkouts Full call number Barcode Date last seen Copy number Price effective from Koha item type
          Yashwantrao Mohite College of Arts, Science And Commerce, Pune Yashwantrao Mohite College of Arts, Science And Commerce, Pune 08/07/2021 Quartetee Book 1443.00   YMP-65447 24/02/2023 1 24/02/2023 Book